000 00319nam a22001337a 4500
020 _qPB.
040 _cFIZZA ISHAQ
082 _a332.794
_bRUS
100 _aGEBRKE,RUSSEL.
_990547
245 _aRENEWABLE INTERIOR DESIGN /
_cRUSSEL GEBRKE.
260 _aMC GRAW HILL ;
_c2009.
300 _a208 P. ;
942 _2ddc
_cBK
999 _c588712
_d588712